Psicología aplicada al trabajo
Uloženo v:
| Hlavní autor: | |
|---|---|
| Médium: | Kniha |
| Jazyk: | španělština |
| Vydáno: |
México D.F.
Thomson
2007
|
| Vydání: | 8ª ed. |
| Témata: | |
| Tagy: |
Přidat tag
Žádné tagy, Buďte první, kdo vytvoří štítek k tomuto záznamu!
|
MARC
| LEADER | 00000nam a22000005a 4500 | ||
|---|---|---|---|
| 003 | CL-ChBUA | ||
| 005 | 20120815091702.0 | ||
| 008 | 100505s2007 mx ||||| |||| 000 ||spa | ||
| 020 | |a 9789706867780 | ||
| 040 | |a CL-ChBUA |c CL-ChBUA | ||
| 082 | 0 | 0 | |a 158.7 |
| 090 | |c 27480 |d 27480 | ||
| 100 | 1 | |a Muchinsky, Paul M. | |
| 245 | 1 | 0 | |a Psicología aplicada al trabajo |
| 250 | |a 8ª ed. | ||
| 260 | |a México D.F. |b Thomson |c 2007 | ||
| 300 | |a xxii, 553 p. |c 25 cm. | ||
| 504 | |a índice, glosario, il. | ||
| 650 | 4 | |a PSICOLOGIA INDUSTRIAL | |
| 650 | 4 | |a PSICOLOGIA DEL TRABAJO | |
| 650 | 4 | |a CONDUCTA ORGANIZACIONAL | |
| 942 | |c LIB | ||
| 952 | |0 0 |1 0 |2 ddc |4 0 |6 158_700000000000000_M_942 |7 0 |9 64559 |a UNACH |b UNACH |c 100 |d 2010-05-05 |i 46.453 |l 7 |m 3 |o 158.7 / M 942 |p 65694 |q 2026-04-14 |r 2026-04-06 09:56:38 |s 2026-04-06 |u 64559 |w 2012-08-08 |y LIB | ||
| 999 | |c 27480 |d 27480 | ||